Equipos descendidos de las 5 mejores ligas 2023-24 - Estadísticas

Estadísticas generales
  • Esta prueba ha sido intentada 87 veces
  • La puntuación promedio es 5 de 14
Estadísticas de respuestas
Nation Respuesta % Correcto
La Liga Almería
86%
La Liga Cádiz
85%
La Liga Granada
77%
Premier League Luton Town
59%
Premier League Burnley
51%
Premier League Sheffield United
31%
Serie A Sassuolo
26%
Bundesliga FC Köln
25%
Serie A Frosinone
19%
Ligue 1 Lorient
17%
Serie A Salernitana
16%
Ligue 1 Metz
15%
Ligue 1 Clermont Foot
14%
Bundesliga Darmstadt 98
14%
No se encontraron pruebas coincidentes
Distribución de puntuación
Porcentaje de gente con cada puntuación
Porcentaje por número respondido
Historial de tus puntuaciones
No has intentado esta prueba.